00641 2200229 4500001002100000005001500021035002000036245004700056100001500103250001000118300003900128260003600167082001000203084001600213020001600229600003500245600003400280600004500314505001100359990002000370990002100390INLIS00000000000466820231106114612 a0010-11230000191 aJejak Sejarah Sains Genetika /cTrevor Day0 aTrevor Day aCet 2 a40 hlm, :bilus ;c17,5 x 24,2 cm. aBandung; :bPakar Raya;,c2009. a575.1 a575.1 TRE j a979534285-1 aPengalih Bahasa,Ir I Indriyati aPenggambar Ulang,Deni Sarjoko aPenata Letak Ulang,Vera Prasetyaningtias aIndeks a12446/P/BL/2016 a121447/P/BL/2016